<?xml version="1.0" encoding="UTF-8"?>
<record
    xmlns:xsi="http://www.w3.org/2001/XMLSchema-instance"
    xsi:schemaLocation="http://www.loc.gov/MARC21/slim http://www.loc.gov/standards/marcxml/schema/MARC21slim.xsd"
    xmlns="http://www.loc.gov/MARC21/slim">

  <leader>00963nam a2200289   4500</leader>
  <controlfield tag="001">32830</controlfield>
  <controlfield tag="003">AR-RoBPED</controlfield>
  <controlfield tag="005">20260605084628.0</controlfield>
  <controlfield tag="008">260604e2015    ag a|||br|||| 000 0 spa d</controlfield>
  <datafield tag="020" ind1=" " ind2=" ">
    <subfield code="a">9789502324784</subfield>
  </datafield>
  <datafield tag="040" ind1=" " ind2=" ">
    <subfield code="a">AR-RoBPED</subfield>
  </datafield>
  <datafield tag="041" ind1=" " ind2=" ">
    <subfield code="a">spa</subfield>
  </datafield>
  <datafield tag="100" ind1=" " ind2=" ">
    <subfield code="a">Calcagno, Javier Angel</subfield>
    <subfield code="d">1960-</subfield>
    <subfield code="9">30996</subfield>
  </datafield>
  <datafield tag="245" ind1="1" ind2=" ">
    <subfield code="a">&#xBF;Quer&#xE9;s saber qu&#xE9; son los crust&#xE1;ceos? /</subfield>
    <subfield code="c">Javier &#xC1;ngel Calcagno; ilustrado por Rosario Oliva ; directora de colecci&#xF3;n Paula Bombara.</subfield>
  </datafield>
  <datafield tag="260" ind1=" " ind2=" ">
    <subfield code="a">Buenos Aires:</subfield>
    <subfield code="b">Eudeba,</subfield>
    <subfield code="c">2015.</subfield>
  </datafield>
  <datafield tag="300" ind1=" " ind2=" ">
    <subfield code="a">s.p.</subfield>
    <subfield code="b">il.</subfield>
  </datafield>
  <datafield tag="490" ind1="0" ind2=" ">
    <subfield code="a">&#xBF;Quer&#xE9;s saber?</subfield>
  </datafield>
  <datafield tag="650" ind1=" " ind2="4">
    <subfield code="a">CIENCIAS NATURALES</subfield>
    <subfield code="9">535</subfield>
  </datafield>
  <datafield tag="650" ind1=" " ind2="4">
    <subfield code="a">OCEANOS</subfield>
    <subfield code="9">2033</subfield>
  </datafield>
  <datafield tag="650" ind1=" " ind2="4">
    <subfield code="a">ARTROPODOS</subfield>
    <subfield code="9">3602</subfield>
  </datafield>
  <datafield tag="650" ind1=" " ind2="4">
    <subfield code="a">MAR ARGENTINO</subfield>
    <subfield code="9">187</subfield>
  </datafield>
  <datafield tag="650" ind1=" " ind2="4">
    <subfield code="a">ZOOLOGIA</subfield>
    <subfield code="9">3770</subfield>
  </datafield>
  <datafield tag="700" ind1=" " ind2=" ">
    <subfield code="a">Oliva, Rosario</subfield>
    <subfield code="d">1981-</subfield>
    <subfield code="9">30967</subfield>
    <subfield code="e">ilust.</subfield>
  </datafield>
  <datafield tag="700" ind1="1" ind2=" ">
    <subfield code="a">Bombara, Paula</subfield>
    <subfield code="d">1972-</subfield>
    <subfield code="9">16481</subfield>
    <subfield code="e">dir. colecci&#xF3;n</subfield>
  </datafield>
  <datafield tag="942" ind1=" " ind2=" ">
    <subfield code="2">udc</subfield>
    <subfield code="a">k. 32830</subfield>
    <subfield code="c">BK</subfield>
    <subfield code="h">595.3</subfield>
    <subfield code="k">I</subfield>
    <subfield code="m">C 18</subfield>
    <subfield code="p">inv. 42485</subfield>
  </datafield>
  <datafield tag="952" ind1=" " ind2=" ">
    <subfield code="0">0</subfield>
    <subfield code="1">0</subfield>
    <subfield code="2">udc</subfield>
    <subfield code="4">0</subfield>
    <subfield code="7">0</subfield>
    <subfield code="a">BPED</subfield>
    <subfield code="b">BPED</subfield>
    <subfield code="d">2026-05-26</subfield>
    <subfield code="e">compra</subfield>
    <subfield code="l">0</subfield>
    <subfield code="o">I 595.3 C 18</subfield>
    <subfield code="p">42485</subfield>
    <subfield code="r">2026-06-04 18:58:51</subfield>
    <subfield code="w">2026-06-04</subfield>
    <subfield code="x">mm 04/06/2026</subfield>
    <subfield code="y">BK</subfield>
    <subfield code="z">Se presta 15 d&#xED;as.</subfield>
  </datafield>
  <datafield tag="999" ind1=" " ind2=" ">
    <subfield code="c">32830</subfield>
    <subfield code="d">32830</subfield>
  </datafield>
</record>
